Risultati dell'Inter in UEFA Champions League 2011-2012 - Statistics

Statistiche generali
  • Questo quiz è stato fatto 6 volte
  • Il punteggio medio è 4 su 8
Statistiche sulle risposte
Hint Risposta % Corretto
Inter - Trabzonspor 0-1
67%
Inter - Olympique Marsiglia 2-1
67%
Olympique Marsiglia - Inter 1-0
50%
Trabzonspor - Inter 1-1
50%
Inter - CSKA Mosca 1-2
50%
Lilla - Inter 0-1
33%
Inter - Lilla 2-1
33%
CSKA Mosca - Inter 2-3
33%
Nessun quiz corrispondente trovato
Distribuzione punteggi
Percentuale di utenti per punteggio
Percentile per numero di risposta
I tuoi punteggi nel tempo
Non hai fatto questo quiz